| 000 | 01712nam0a2200337 i 4500 | ||
|---|---|---|---|
| 001 | RU\NLR\bibl\1910892 | ||
| 005 | 20240725230029.0 | ||
| 010 |
_a9785916870503 _91000 |
||
| 021 |
_aRU _b2012-35440 _92631 |
||
| 035 | _a(nilc)RSL-KNO-005440335 | ||
| 035 | _a(NLR Aleph) 001900428 | ||
| 090 |
_a3040849 _c3040849 |
||
| 100 | _a20120528d2011 u y0rusy50 ca | ||
| 101 | 0 | _arus | |
| 102 | _aRU | ||
| 105 | _aa ||||||||| | ||
| 200 | 1 |
_aСеверные грезы _eстихотворения, максимы, переводы _fАнатолий Сойнов _g[подстроч. пер. сонетов В. Шекспира сделаны Биринцевой Н. М.] |
|
| 210 |
_aТольятти _cКассандра _d2011 |
||
| 215 |
_a359 с. _cил., портр. _d21 |
||
| 327 | 1 | _aСодерж.: Стихотворения; Из цикла "Картинки с улицы"; Цикл стихов "Свет и тени любви"; Из "Детского альбома"; Стансы; Сонеты; Мимолетности: Ритмы сердца; Красная Шапочка - 1963; Хозяйке Медной горы; Юношеству; И чувств, и мыслей череда; "Театральные"; Времена года; Семьдесят сонетов В. Шекспира | |
| 686 |
_aШ5(2=Р)75-65я44 _2rubbk |
||
| 686 | _aШ6(2=Р)8я44 | ||
| 700 | 1 |
_aСойнов _bА. Н. _f1943- _gАнатолий Николаевич _4070 |
|
| 702 | 1 |
_aБиринцева _bН. М. _4730 |
|
| 801 | 0 |
_aRU _bRuMoRKP _c20120528 _grcr |
|
| 801 | 1 |
_aRU _bРГБ _c20120528 |
|
| 801 | 2 |
_aRU _bNLR _c20120605 _grcr |
|
| 942 | _cBOOK | ||
| 980 | _aNBR | ||